Normal view
MARC view
Entry Personal Name
001 - CONTROL NUMBER
- control field: 35555
003 - CONTROL NUMBER IDENTIFIER
- control field: dpl
005 - DATE AND TIME OF LATEST TRANSACTION
- control field: 20111017164530.0
008 - FIXED-LENGTH DATA ELEMENTS
- fixed length control field: 111017|||a|||||| | ||| d
040 ## - CATALOGING SOURCE
- Original cataloging agency: dpl
- Transcribing agency: dpl
100 ## - HEADING--PERSONAL NAME
- Personal name: विद्धांस,शुभदा
670 ## - SOURCE DATA FOUND
- Source citation: Work cat.: (dpl): 34729 पीस,बार्बरा, व्हाय मेन डोन्ट लिसन अँण्ड विमेन रीड मॅप्स /, 2001
670 ## - SOURCE DATA FOUND
- Source citation: Work cat.: (dpl): 34729 पीस,बार्बरा, व्हाय मेन डोन्ट लिसन अँण्ड विमेन रीड मॅप्स /, 2001
